Normal view
MARC view
- English language
Entry Topical Term
001 - CONTROL NUMBER
- control field: 107689
003 - CONTROL NUMBER IDENTIFIER
- control field: NUST
005 - DATE AND TIME OF LATEST TRANSACTION
- control field: 20230126090743.0
008 - FIXED-LENGTH DATA ELEMENTS
- fixed length control field: 230126|| aca||aabn | a|a d
040 ## - CATALOGING SOURCE
- Original cataloging agency: NUST
- Transcribing agency: NUST
150 ## - HEADING--TOPICAL TERM
- Topical term or geographic name entry element: English language
- General subdivision: Orthography and spelling
670 ## - SOURCE DATA FOUND
- Source citation: Work cat.: (NUST)0: Peck, John, 1947- 107688, The student's guide to writing :, 2012.
